01522cas a2200265 a 4500008004100000010001600041022001400057040006400071050001400135210007300149222011600222245012900338260007100467300004300538310001900581362005200600500002200652515026500674650002600939710005100965785017001016336002201186337002501208338002301233751101d19521965gw bx p 0 b0ger  asf 83008010 a0138-1504 aDLCcMnMULSdCtYdNdDLCdOCoLCdNSTdNSDPdNSTdInUdOCoLC00aQ49b.H350 aWiss. Z. - Martin-Luther-Univ. Halle-Wittenb., Math.-nat.wiss. Reihe 0aWissenschaftliche Zeitschrift - Martin-Luther-Univ. Halle-Wittenberg. Mathematisch-naturwissenschaftliche Reihe00aWissenschaftliche Zeitschrift der Martin-Luther-Universitèat Halle-Wittenberg.pMathematisch-naturwissenschaftliche Reihe. aHalle-Wittenberg :bMartin-Luther-Universitèat,c[1952à]-1965. av. :bill., maps (some col.) ;c30 cm. aSix no. a year0 aJahrg. 1, Heft 1/2 (1951/52)-Jahrg. 14, Heft 7. aTitle from cover. aVols. 1-2 numbered also in sequence with Wissenschaftliche Zeitschrift; gesellschafts- und sprachwissenschaftliche Reihe; i.e. v. 1, no. 1/2 is v. 1, no. 1/2 of the combined numbering, v. 2, no. 1-3 [etc.] are v. 2, no. 1, 4-5 [etc.] of the combined numbering. 0aSciencevPeriodicals.2 aMartin-Luther-Universitèat Halle-Wittenberg.00tWissenschaftliche Zeitschrift (Martin-Luther-Universitèat Halle-Wittenberg). Mathematisch-naturwissenschaftliche Reihex0138-1504w(DLC) 57035321w(OCoLC)8632732 atext2rda content aUnmediated2rdamedia avolume2rdacarrier